| Поле | Название | Значение |
| |
Тип записи |
a |
| |
Библиографический уровень |
m |
| 001 |
Контрольный номер |
UONB/MAIN/1a7cf38c82f74806a1104612ae1d9f11 |
| 005 |
Дата корректировки |
20260422152654.6 |
| 010 |
Индекс ISBN |
__ |
| b |
Уточнения |
в пер. |
| d |
Цена |
65 к. |
| 9 |
Тираж |
5000 экз. |
| a |
ISBN |
5-10-002475-5 |
| 100 |
Данные общей обработки |
__ |
| a |
Данные общей обработки |
20260422d1990 u y0rusy0189 ca |
| 101 |
Язык документа |
0_ |
| a |
Язык текста |
rus |
| 102 |
Страна публикации |
__ |
| a |
Страна публикации |
RU |
| 105 |
Кодированные данные (монография) |
__ |
| a |
Кодированные данные (монография) |
a z 001yy |
| 200 |
Заглавие и сведения об ответственности |
1_ |
| a |
Заглавие |
Эффективное плодородие почв: методологические аспекты |
| f |
Первые сведения об ответственности |
А. П. Щербаков, Е. Е. Кислых |
| d |
Параллельное заглавие |
Effective soil fertility: methodological aspects |
| e |
Сведения, относящиеся к заглавию |
к XIV Международному конгрессу почвоведов, Япония, Киото, 1990 |
| 203 |
Вид содержания и тип средства |
__ |
| a |
Вид содержания |
Текст |
| b |
Характеристика содержания |
визуальный |
| c |
Тип средства |
непосредственный |
| 210 |
Выходные данные |
1_ |
| a |
Место издания |
Москва |
| c |
Издательство |
Агропромиздат |
| d |
Дата издания |
1990 |
| 215 |
Физическое описание |
__ |
| a |
Объем |
70, [3] с. |
| d |
Формат |
21 см |
| c |
Иллюстрации/тип воспроизводства |
ил. |
| 320 |
Библиография |
__ |
| a |
Библиография |
Библиогр.: с. 66-71 |
| 606 |
Тематические рубрики |
0_ |
| a |
Основная рубрика |
Плодородие почвы |
| 610 |
Ключевые слова |
0_ |
| a |
Ключевые слова |
плодородие почвы; почва - плодородие |
| 686 |
Индексы других классификаций |
__ |
| a |
Классификационный индекс |
40.326 |
| 700 |
Автор |
_1 |
| a |
Фамилия |
Щербаков |
| b |
Имя (инициалы) |
А. П. |
| g |
Полное личное имя |
Андрей Павлович |
| 701 |
Альтернативная интеллектуальная ответственность |
_1 |
| a |
Фамилия |
Кислых |
| b |
Имя (инициалы) |
Е. Е. |
| g |
Полное личное имя |
Евгений Евгеньевич |
| 801 |
Источник записи |
_0 |
| a |
Страна |
RU |
| b |
Организация |
Ульяновская ОНБ |
| c |
Дата составления |
20260422 |
| g |
Правила каталогизации |
RCR |
| 801 |
Источник записи |
_1 |
| a |
Страна |
RU |
| b |
Организация |
Ульяновская ОНБ |
| c |
Дата составления |
20260422 |
| g |
Правила каталогизации |
RCR |
| 901 |
Тип документа |
__ |
| t |
Тип документа |
m |
| 909 |
Создатель записи |
__ |
| a |
Создатель записи |
Солдатова |
| b |
Дата создания записи |
20260422 |